Normal view
MARC view
Entry Topical Term
001 - CONTROL NUMBER
- control field: 6259
003 - CONTROL NUMBER IDENTIFIER
- control field: OSt
005 - DATE AND TIME OF LATEST TRANSACTION
- control field: 20190616100625.0
008 - FIXED-LENGTH DATA ELEMENTS
- fixed length control field: 190616|| aca||aabn | a|a d
040 ## - CATALOGING SOURCE
- Original cataloging agency: OSt
- Transcribing agency: OSt
150 ## - HEADING--TOPICAL TERM
- Topical term or geographic name entry element: European Union (Withdrawn) Act 2018
670 ## - SOURCE DATA FOUND
- Source citation: Work cat.: (OSt): Elliott, Mark 6258, Political pragmatism and constitutional principle: the European Union (Withdrawn) At 2018, 2019
